[Event "1st Chateau Montaiguillon Rapid 2019"]
[Site "Montagne"]
[Date "2019.09.08"]
[Round "3.3"]
[White "Lagarde, Maxime"]
[Black "Roselle, Tristan"]
[Result "1-0"]
[WhiteElo "2657"]
[BlackElo "2161"]
[Annotator "TA"]
[PlyCount "77"]
[EventDate "2019.09.08"]
[EventType "swiss"]
[EventCountry "FRA"]
[SourceTitle "playchess.com"]
[Source "ChessBase"]
[SourceQuality "1"]

{[%evp 9,77,-34,-1,-20,-6,-11,-7,-47,-15,-24,-11,-15,-6,-27,-14,-22,60,59,63,56,62,62,83,52,61,70,150,143,177,133,96,107,208,192,289,297,294,294,427,417,464,450,440,350,391,280,388,375,552,559,546,548,631,608,619,600,714,702,2205,2102,1708,1614,29980,29981,29980,29981,29980,29981,29985,29986]} 1. b3 e5 2. Bb2 Nc6 3. e3 g6 4. h4 Bg7 5. h5 d6 $146 ({Predecessor:} 5... d5 6. Bb5 Nge7 7. h6 Bf6 8. Qf3 Bf5 9. Nc3 e4 10. Qf4 a6 11. Bxc6+ Nxc6 {1-0 (51) Gabuzyan,H (2614)-Shahinyan,D (2442) Yerevan 2016}) 6. Be2 {A01: Nimzowitsch-Larsen Opening} Be6 7. Nf3 Bg4 8. Nd4 {The position is equal.} Bxe2 9. Nxe2 Qd7 10. d4 exd4 11. Nxd4 Bf6 12. c4 Nce7 (12... O-O-O $11) 13. Nc3 $14 O-O-O 14. Qd2 Qg4 15. f3 $36 {[%mdl 2048] White fights for an advantage.} Qg3+ 16. Qf2 (16. Kf1 {looks sharper.} gxh5 17. Ne4 Qg6 18. Ne2 Be5 19. Nf4) 16... Qxf2+ 17. Kxf2 Bxd4 ({Black should try} 17... Re8 $14) 18. exd4 $16 d5 19. hxg6 fxg6 20. Rae1 c6 (20... h5 $16 {keeps fighting.}) 21. cxd5 Nxd5 (21... cxd5 $142 22. Ba3 Nf5) 22. Nxd5 $18 cxd5 23. Ba3 Kb8 (23... h6 $142 24. Re6 Rh7 25. Rc1+ Kb8 26. Bd6+ Ka8 27. Rxg6 Ne7) 24. Re6 h5 25. Bd6+ Ka8 26. Be5 Rh7 27. Rc1 a6 28. Rxg6 Ne7 (28... Rf7 $142 29. Rc7 Rxc7) 29. Rc7 Nxg6 30. Rxh7 {[%mdl 4096] Endgame KRB-KRN} Rc8 31. Rxh5 Rc2+ 32. Kg3 Rxa2 33. f4 Rb2 34. f5 Rxb3+ 35. Kh2 Nxe5 36. dxe5 {White mates.} Rb1 37. f6 Rf1 38. g4 d4 39. Rf5 {Accuracy: White = 72%, Black = 34%.} 1-0

[Event "1st Chateau Montaiguillon Rapid 2019"]
[Site "Montagne"]
[Date "2019.09.08"]
[Round "3.4"]
[White "Salles, Louis"]
[Black "Cornette, Matthieu"]
[Result "0-1"]
[WhiteElo "2206"]
[BlackElo "2558"]
[Annotator "ChessBase"]
[PlyCount "80"]
[EventDate "2019.09.08"]
[EventType "swiss"]
[EventCountry "FRA"]
[SourceTitle "playchess.com"]
[Source "ChessBase"]
[SourceQuality "1"]
[TimeControl "720+3"]

1. e4 {[%emt 0:00:00]} c5 {[%emt 0:00:00]} 2. Nf3 {[%emt 0:00:04]} Nc6 {[%emt 0:00:00]} 3. d4 {[%emt 0:00:02]} cxd4 {[%emt 0:00:02]} 4. Nxd4 {[%emt 0:00:02]} Nf6 {[%emt 0:00:03]} 5. Nc3 {[%emt 0:00:02]} e5 {[%emt 0:00:02]} 6. Ndb5 {[%emt 0:00:03]} d6 {[%emt 0:00:02]} 7. Bg5 {[%emt 0:00:08]} a6 {[%emt 0:00:01]} 8. Na3 {[%emt 0:00:03]} Be6 {[%emt 0:00:04]} 9. Nc4 {[%emt 0:00:05]} Rb8 {[%emt 0:00:04]} 10. Bxf6 {[%emt 0:00:59]} Qxf6 {[%emt 0:00:08]} 11. Nb6 {[%emt 0:00:20]} Qd8 {[%emt 0:00:41]} 12. Ncd5 {[%emt 0:00:37]} g6 {[%emt 0:00:04]} 13. Bc4 {[%emt 0:00:27]} Bg7 {[%emt 0:00:07]} 14. O-O {[%emt 0:00:12]} O-O {[%emt 0:00:03]} 15. Bb3 {[%emt 0:00:10]} Kh8 {[%emt 0:01:00]} 16. c3 {[%emt 0:00:30]} f5 {[%emt 0:00:04]} 17. exf5 {[%emt 0:00:31]} gxf5 {[%emt 0:00:15]} 18. f4 {[%emt 0:00:10]} exf4 {[%emt 0:00:30]} 19. Kh1 {[%emt 0:00:19]} Ne5 {[%emt 0:00:20]} 20. Nxf4 {[%emt 0:00:22]} Bxb3 {[%emt 0:00:41]} 21. Qxb3 {[%emt 0:00:01]} Ng4 {[%emt 0:00:06]} 22. g3 {[%emt 0:01:29]} Re8 {[%emt 0:00:56]} 23. Rae1 {[%emt 0:00:41]} Be5 {[%emt 0:00:23]} 24. Nbd5 {[%emt 0:00:49]} Qg5 {[%emt 0:00:07]} 25. Qc2 {[%emt 0:00:31]} Rg8 {[%emt 0:01:46]} 26. Nd3 {[%emt 0:01:18]} Rbf8 {[%emt 0:00:48]} 27. N5f4 {[%emt 0:00:40]} Rf6 {[%emt 0:00:04]} 28. Re2 {[%emt 0:01:17]} Rh6 {[%emt 0:00:21]} 29. c4 {[%emt 0:00:01]} Bd4 {[%emt 0:02:23]} 30. Ne6 {[%emt 0:00:21]} Nxh2 {[%emt 0:00:16]} 31. Nxg5 {[%emt 0:00:34]} Nxf1+ {[%emt 0:00:12]} 32. Kg2 {[%emt 0:00:01]} Rxg5 {[%emt 0:00:13]} 33. Re8+ {[%emt 0:00:28]} Kg7 {[%emt 0:00:02]} 34. Kxf1 {[%emt 0:00:02]} Rh1+ {[%emt 0:00:14]} 35. Kg2 {[%emt 0:00:15]} Rg1+ {[%emt 0:00:03]} 36. Kf3 {[%emt 0:00:09]} R1xg3+ {[%emt 0:00:31]} 37. Kf4 {[%emt 0:00:08]} Kf6 {[%emt 0:01:15]} 38. Rf8+ {[%emt 0:00:03]} Ke7 {[%emt 0:00:03]} 39. Re8+ {[%emt 0:00:03]} Kf6 {[%emt 0:00:03]} 40. Rf8+ {[%emt 0:00:03]} Ke7 {[%emt 0:00:03]} 0-1

[Event "1st Chateau Montaiguillon Rapid 2019"]
[Site "Montagne"]
[Date "2019.09.08"]
[Round "3.5"]
[White "Sochacki, Christophe"]
[Black "Estadieu, Romeo"]
[Result "1/2-1/2"]
[WhiteElo "2479"]
[BlackElo "2099"]
[Annotator "ChessBase"]
[PlyCount "123"]
[EventDate "2019.09.08"]
[EventType "swiss"]
[EventCountry "FRA"]
[SourceTitle "playchess.com"]
[Source "ChessBase"]
[SourceQuality "1"]
[TimeControl "720+3"]

1. d4 {[%emt 0:00:00]} e6 {[%emt 0:00:00]} 2. c4 {[%emt 0:00:00]} f5 {[%emt 0:00:00]} 3. Nc3 {[%emt 0:00:01]} Nf6 {[%emt 0:00:00]} 4. g3 {[%emt 0:00:08]} d5 {[%emt 0:00:01]} 5. Bg2 {[%emt 0:00:06]} c6 {[%emt 0:00:01]} 6. Nf3 {[%emt 0:00:08]} Bd6 {[%emt 0:00:01]} 7. Bf4 {[%emt 0:00:15]} O-O {[%emt 0:00:09]} 8. O-O {[%emt 0:00:06]} Qe7 {[%emt 0:00:26]} 9. e3 {[%emt 0:00:10]} Nbd7 {[%emt 0:01:00]} 10. c5 {[%emt 0:00:04]} Bb8 {[%emt 0:00:01]} 11. b4 {[%emt 0:01:33]} h6 {[%emt 0:00:09]} 12. Bxb8 {[%emt 0:00:36]} Rxb8 {[%emt 0:01:11]} 13. Ne5 {[%emt 0:00:01]} Nxe5 {[%emt 0:00:25]} 14. dxe5 {[%emt 0:00:01]} Nd7 {[%emt 0:00:03]} 15. Qd4 {[%emt 0:01:44]} b6 {[%emt 0:00:06]} 16. Na4 {[%emt 0:00:04]} bxc5 {[%emt 0:01:19]} 17. Nxc5 {[%emt 0:00:10]} Nxc5 {[%emt 0:00:19]} 18. bxc5 {[%emt 0:00:25]} Ba6 {[%emt 0:00:14]} 19. Rfb1 {[%emt 0:00:08]} Qc7 {[%emt 0:00:04]} 20. a3 {[%emt 0:00:54]} Bc4 {[%emt 0:01:07]} 21. Bf1 {[%emt 0:00:35]} Bxf1 {[%emt 0:00:04]} 22. Kxf1 {[%emt 0:00:02]} Qa5 {[%emt 0:00:19]} 23. Rb4 {[%emt 0:00:06]} Rb5 {[%emt 0:00:19]} 24. Rab1 {[%emt 0:00:27]} Rfb8 {[%emt 0:00:03]} 25. Rxb5 {[%emt 0:01:33]} Rxb5 {[%emt 0:00:02]} 26. Rxb5 {[%emt 0:00:02]} Qxb5+ {[%emt 0:00:01]} 27. Kg2 {[%emt 0:00:01]} Kf7 {[%emt 0:00:18]} 28. g4 {[%emt 0:00:12]} fxg4 {[%emt 0:00:32]} 29. Qf4+ {[%emt 0:00:02]} Kg8 {[%emt 0:01:54]} 30. Qxg4 {[%emt 0:00:01]} Kf7 {[%emt 0:00:54]} 31. Qh5+ {[%emt 0:00:08]} Kf8 {[%emt 0:00:01]} 32. Qh4 {[%emt 0:00:01]} Qxc5 {[%emt 0:00:13]} 33. Qd8+ {[%emt 0:01:20]} Kf7 {[%emt 0:00:00]} 34. Qd7+ {[%emt 0:00:02]} Qe7 {[%emt 0:00:02]} 35. Qxc6 {[%emt 0:00:01]} Qxa3 {[%emt 0:00:05]} 36. h4 {[%emt 0:00:09]} Qe7 {[%emt 0:00:07]} 37. Kg3 {[%emt 0:00:04]} h5 {[%emt 0:00:30]} 38. Qa4 {[%emt 0:00:49]} g5 {[%emt 0:00:03]} 39. Kh3 {[%emt 0:00:12]} Kg6 {[%emt 0:00:33]} 40. hxg5 {[%emt 0:00:10]} Qxg5 {[%emt 0:00:14]} 41. Qe8+ {[%emt 0:00:02]} Kf5 {[%emt 0:00:22]} 42. Qf7+ {[%emt 0:00:03]} Ke4 {[%emt 0:00:01]} 43. Qxa7 {[%emt 0:00:04]} Qxe5 {[%emt 0:00:19]} 44. Kg2 {[%emt 0:00:17]} d4 {[%emt 0:00:21]} 45. Qa4 {[%emt 0:00:38]} Qd5 {[%emt 0:00:01]} 46. Kf1 {[%emt 0:00:15]} Ke5 {[%emt 0:00:06]} 47. f4+ {[%emt 0:00:17]} Ke4 {[%emt 0:00:10]} 48. Ke2 {[%emt 0:00:02]} Kf5 {[%emt 0:00:04]} 49. exd4 {[%emt 0:00:08]} Kxf4 {[%emt 0:00:03]} 50. Qb4 {[%emt 0:00:03]} Qe4+ {[%emt 0:00:03]} 51. Kf2 {[%emt 0:00:03]} Qe3+ {[%emt 0:00:02]} 52. Kg2 {[%emt 0:00:01]} Qg3+ {[%emt 0:00:02]} 53. Kf1 {[%emt 0:00:01]} Qf3+ {[%emt 0:00:02]} 54. Ke1 {[%emt 0:00:01]} h4 {[%emt 0:00:03]} 55. Qd6+ {[%emt 0:00:02]} Kg4 {[%emt 0:00:02]} 56. Qxe6+ {[%emt 0:00:02]} Kg3 {[%emt 0:00:01]} 57. Qg6+ {[%emt 0:00:11]} Qg4 {[%emt 0:00:02]} 58. Qxg4+ {[%emt 0:00:07]} Kxg4 {[%emt 0:00:01]} 59. Kf2 {[%emt 0:00:01]} Kf4 {[%emt 0:00:01]} 60. Kg2 {[%emt 0:00:01]} Ke4 {[%emt 0:00:01]} 61. Kh3 {[%emt 0:00:01]} Kxd4 {[%emt 0:00:00]} 62. Kxh4 {[%emt 0:00:15]} 1/2-1/2

[Event "1st Chateau Montaiguillon Rapid 2019"]
[Site "Montagne"]
[Date "2019.09.08"]
[Round "4.1"]
[White "Fantinel, Thibault"]
[Black "Moussard, Jules"]
[Result "0-1"]
[WhiteElo "2384"]
[BlackElo "2608"]
[Annotator "RC"]
[PlyCount "68"]
[EventDate "2019.09.08"]
[EventType "swiss"]
[EventCountry "FRA"]
[SourceTitle "playchess.com"]
[Source "ChessBase"]
[SourceQuality "1"]
[TimeControl "720+3"]

1. e4 {[%emt 0:00:00]} c5 {[%emt 0:00:00]} 2. Nf3 {[%emt 0:00:04]} d6 {[%emt 0:00:08]} 3. Bb5+ {[%emt 0:00:04]} Bd7 {[%emt 0:00:01]} 4. c4 {[%emt 0:00:03]} Nc6 {[%emt 0:00:11]} 5. O-O {[%emt 0:00:29]} Nf6 {[%emt 0:00:04]} 6. Nc3 {[%emt 0:00:08]} g6 {[%emt 0:00:02]} 7. d4 {[%emt 0:01:02]} cxd4 {[%emt 0:00:02]} 8. Nxd4 {[%emt 0:00:02]} Bg7 {[%emt 0:00:04]} 9. Bxc6 {[%emt 0:00:23]} bxc6 {[%emt 0:00:06]} 10. c5 {[%emt 0:00:02]} O-O {[%emt 0:00:59]} 11. cxd6 {[%emt 0:00:19]} exd6 {[%emt 0:00:02]} 12. Bf4 {[%emt 0:00:25]} Re8 {[%emt 0:00:06]} 13. Re1 {[%emt 0:01:11]} Qb6 {[%emt 0:02:49]} 14. Qd2 {[%emt 0:01:23]} Nxe4 {[%emt 0:00:43]} 15. Nxe4 {[%emt 0:00:30]} Qxd4 {[%emt 0:00:06]} 16. Qxd4 {[%emt 0:02:13]} Bxd4 {[%emt 0:00:02]} 17. Nxd6 {[%emt 0:00:02]} Rxe1+ {[%emt 0:00:05]} 18. Rxe1 {[%emt 0:00:01]} Bxb2 {[%emt 0:00:07]} 19. Nc4 {[%emt 0:01:15]} Bf6 {[%emt 0:00:20]} 20. Rc1 {[%emt 0:02:08]} Be6 {[%emt 0:00:25]} 21. a4 {[%emt 0:00:25]} Rd8 {[%emt 0:00:08]} 22. Ne5 {[%emt 0:00:24]} Rd4 {[%emt 0:00:03]} 23. Bg3 {[%emt 0:00:19]} Rxa4 {[%emt 0:00:40]} 24. Nxc6 {[%emt 0:00:02]} Bd5 {[%emt 0:00:15]} 25. h3 {[%emt 0:00:08]} h5 {[%emt 0:00:03]} 26. Be5 {[%emt 0:00:05]} Bxe5 {[%emt 0:00:08]} 27. Nxe5 {[%emt 0:00:05]} Kg7 {[%emt 0:00:07]} 28. Rc7 {[%emt 0:00:04]} a5 {[%emt 0:00:06]} 29. Ra7 {[%emt 0:00:01]} Ra1+ {[%emt 0:00:02]} 30. Kh2 {[%emt 0:00:01]} a4 {[%emt 0:00:14]} 31. Ra5 {[%emt 0:00:02]} Be6 {[%emt 0:00:02]} 32. h4 {[%emt 0:00:03]} a3 {[%emt 0:00:02]} 33. Kg3 {[%emt 0:00:11]} a2 {[%emt 0:00:05]} 34. Nd3 {[%emt 0:00:02]} Rd1 {[%emt 0:00:05]} 0-1

[Event "1st Chateau Montaiguillon Rapid 2019"]
[Site "Montagne"]
[Date "2019.09.08"]
[Round "4.2"]
[White "Fressinet, Laurent"]
[Black "Le Hetet, Nicolas"]
[Result "1-0"]
[WhiteElo "2633"]
[BlackElo "2391"]
[Annotator "RC"]
[PlyCount "73"]
[EventDate "2019.09.08"]
[EventType "swiss"]
[EventCountry "FRA"]
[SourceTitle "playchess.com"]
[Source "ChessBase"]
[SourceQuality "1"]
[TimeControl "720+3"]

1. e4 {[%emt 0:00:00]} c5 {[%emt 0:00:01]} 2. Nf3 {[%emt 0:00:02]} Nc6 {[%emt 0:00:02]} 3. Bb5 {[%emt 0:00:10]} g6 {[%emt 0:00:05]} 4. Bxc6 {[%emt 0:00:10]} dxc6 {[%emt 0:00:03]} 5. d3 {[%emt 0:00:05]} Bg7 {[%emt 0:00:04]} 6. O-O {[%emt 0:00:10]} Nf6 {[%emt 0:00:41]} 7. Nc3 {[%emt 0:00:12]} O-O {[%emt 0:00:43]} 8. e5 {[%emt 0:00:30]} Ne8 {[%emt 0:00:30]} 9. h3 {[%emt 0:00:21]} Nc7 {[%emt 0:00:17]} 10. Ne4 {[%emt 0:00:08]} Ne6 {[%emt 0:00:05]} 11. Be3 {[%emt 0:00:35]} b6 {[%emt 0:00:27]} 12. Qd2 {[%emt 0:00:05]} f6 {[%emt 0:01:37]} 13. Bh6 {[%emt 0:00:13]} Nd4 {[%emt 0:00:28]} 14. Nxd4 {[%emt 0:00:13]} Qxd4 {[%emt 0:00:16]} 15. Bxg7 {[%emt 0:01:12]} Kxg7 {[%emt 0:00:02]} 16. exf6+ {[%emt 0:00:02]} exf6 {[%emt 0:00:02]} 17. b3 {[%emt 0:00:02]} Be6 {[%emt 0:01:15]} 18. Rae1 {[%emt 0:00:09]} Bf7 {[%emt 0:00:21]} 19. Re2 {[%emt 0:00:38]} Rad8 {[%emt 0:00:51]} 20. Rfe1 {[%emt 0:00:13]} Rfe8 {[%emt 0:00:40]} 21. h4 {[%emt 0:01:39]} c4 {[%emt 0:01:23]} 22. bxc4 {[%emt 0:00:24]} Bxc4 {[%emt 0:00:01]} 23. h5 {[%emt 0:00:49]} Bf7 {[%emt 0:01:00]} 24. h6+ {[%emt 0:00:05]} Kf8 {[%emt 0:00:13]} 25. c3 {[%emt 0:00:46]} Qxd3 {[%emt 0:00:17]} 26. Qxd3 {[%emt 0:00:13]} Rxd3 {[%emt 0:00:02]} 27. Nxf6 {[%emt 0:00:02]} Rxe2 {[%emt 0:00:10]} 28. Nxh7+ {[%emt 0:00:10]} Kg8 {[%emt 0:00:34]} 29. Nf6+ {[%emt 0:00:02]} Kh8 {[%emt 0:00:01]} 30. Rxe2 {[%emt 0:00:02]} Rd6 {[%emt 0:00:07]} 31. Ne4 {[%emt 0:00:19]} Rd1+ {[%emt 0:00:21]} 32. Kh2 {[%emt 0:00:01]} Bc4 {[%emt 0:00:08]} 33. Re3 {[%emt 0:00:02]} Kh7 {[%emt 0:00:02]} 34. Rh3 {[%emt 0:00:03]} Bxa2 {[%emt 0:00:05]} 35. Nf6+ {[%emt 0:00:42]} Kh8 {[%emt 0:00:01]} 36. Re3 {[%emt 0:00:03]} Rd8 {[%emt 0:00:10]} 37. Re7 {[%emt 0:00:04]} 1-0

[Event "1st Chateau Montaiguillon Rapid 2019"]
[Site "Montagne"]
[Date "2019.09.08"]
[Round "4.3"]
[White "Daulyte-Cornette, Deimante"]
[Black "Lagarde, Maxime"]
[Result "0-1"]
[WhiteElo "2412"]
[BlackElo "2657"]
[Annotator "TA"]
[PlyCount "88"]
[EventDate "2019.09.08"]
[EventType "swiss"]
[EventCountry "FRA"]
[SourceTitle "playchess.com"]
[Source "ChessBase"]
[SourceQuality "1"]

{[%evp 9,88,13,9,11,21,4,0,-15,-15,-13,-20,-30,-13,-45,14,-9,-21,-38,-31,-31,0,0,0,0,0,-77,-75,-29,-21,-75,-75,-86,-22,-151,-138,-152,-143,-309,-280,-313,-260,-308,-308,-272,-133,-129,-115,-388,-406,-628,-505,-505,-432,-437,-342,-334,-320,-326,-304,-398,-386,-421,-423,-598,-537,-631,-627,-822,-802,-823,-802,-2808,-2372,-1690,-1419,-29971,-29969,-29989,-29982,-29959,-5027]} 1. e4 c5 2. Nc3 Nc6 3. Bb5 Nd4 4. Nf3 a6 5. Bd3 g6 (5... Nc6 6. O-O d6 7. b3 g6 8. Bb2 Bg7 9. h3 e6 10. Na4 e5 11. Nc3 Nge7 12. a4 {½-½ (76) Andreikin,D (2719)-Carlsen,M (2835) St Petersburg 2018}) 6. Nxd4 {B23: Closed Sicilian: Lines without g3} cxd4 7. Ne2 d5 8. exd5 {The position is equal.} (8. c3 $5 {[%cal Rd1a4]}) 8... Qxd5 9. O-O Bg7 10. c4 Qd6 $146 ({Predecessor:} 10... dxc3 11. dxc3 Nf6 12. Nf4 {½-½ (67) Muzychuk,M (2466)-Krush,I (2467) Istanbul 2012}) 11. f4 f5 ({Black should try} 11... Nf6 $15) 12. Rb1 e5 13. fxe5 Bxe5 14. g3 h5 15. Nf4 Ne7 {Strongly threatening ...h4.} 16. Qe2 h4 {White must now prevent ...hxg3.} 17. Re1 (17. b3 $11 Bxf4 18. gxf4) 17... Nc6 $1 $17 18. b4 hxg3 19. hxg3 {And now b5 would win.} Kd8 $1 $36 {[%mdl 2048] Keeping White busy.} 20. b5 Bxf4 {[#]} (20... axb5 $1 $17 21. Rxb5 Bxf4) 21. gxf4 (21. Ba3 $1 $11 {[%mdl 512] keeps the balance.} Qxa3 22. bxc6 Bxg3 23. cxb7 Bxb7 24. Rxb7) 21... axb5 $1 {[%mdl 64] Discovered Attack} ({Inferior is} 21... Qxf4 22. bxc6 Qg3+ 23. Qg2 $11) 22. cxb5 Qxf4 23. bxc6 $2 (23. Rf1 $17 Qg3+ 24. Qg2 Qxg2+ 25. Kxg2) 23... Qg3+ $19 24. Qg2 Qxe1+ 25. Bf1 bxc6 {...Ba6 is the strong threat.} 26. d3 {aiming for Bg5+.} Qe6 (26... Kd7 $19 {and Black stays clearly on top. Threatens to win with ...Ba6.} 27. Qxg6 Rh1+ $1 {[%mdl 576] Deflection, Decoy} 28. Kxh1 Qxf1+ {[%mdl 64] Double Attack} 29. Kh2 Rxa2+ 30. Rb2 Rxb2+ 31. Bxb2 c5) 27. Bg5+ $17 {[#]} Kd7 $1 28. Rb2 $2 {[%mdl 8192]} (28. Qf2 $17 Rh7 29. Bg2) 28... Qd5 $19 29. Qg3 (29. Qxd5+ $142 cxd5 30. Bf6) 29... Qh1+ 30. Kf2 Rh2+ 31. Bg2 {[#]} Qxg2+ $1 32. Qxg2 Rxg2+ 33. Kxg2 {[%mdl 4096] Endgame KRB-KRB} Ra3 34. Re2 Rxd3 35. Re7+ Kd6 36. Rg7 (36. Re8 $142 Be6 37. Kf2) 36... Be6 37. a4 c5 38. Rxg6 c4 39. a5 Ra3 40. Bd8 c3 41. Kf2 Kd5 42. Ke2 Ra2+ {Black mates.} 43. Ke1 Ra1+ 44. Ke2 c2 {Accuracy: White = 37%, Black = 62%.} (44... Kc4 $142 45. Rxe6 d3+ 46. Kf2 d2 47. Rd6 c2 48. Bf6 d1=Q 49. Rc6+ Kd5 50. Bxa1 Kxc6 51. Bb2 Qb1 52. Ba3 Qa1 53. Kg3 Qxa3+ {[%mdl 64] Double Attack} 54. Kf4 c1=Q+ 55. Kxf5 Qf3+ 56. Kg6 Qg1+ 57. Kh7 Qh5#) 0-1

[Event "1st Chateau Montaiguillon Rapid 2019"]
[Site "Montagne"]
[Date "2019.09.08"]
[Round "4.4"]
[White "Cornette, Matthieu"]
[Black "Favarel, Julien"]
[Result "1-0"]
[WhiteElo "2558"]
[BlackElo "2331"]
[Annotator "RC"]
[PlyCount "55"]
[EventDate "2019.09.08"]
[EventType "swiss"]
[EventCountry "FRA"]
[SourceTitle "playchess.com"]
[Source "ChessBase"]
[SourceQuality "1"]
[TimeControl "720+3"]

1. Nf3 {[%emt 0:00:00]} d5 {[%emt 0:00:00]} 2. c4 {[%emt 0:00:02]} e6 {[%emt 0:00:08]} 3. g3 {[%emt 0:00:01]} g6 {[%emt 0:00:05]} 4. Bg2 {[%emt 0:00:05]} Bg7 {[%emt 0:00:01]} 5. d4 {[%emt 0:00:02]} Ne7 {[%emt 0:00:09]} 6. O-O {[%emt 0:00:03]} O-O {[%emt 0:00:12]} 7. Qc2 {[%emt 0:00:02]} c5 {[%emt 0:01:43]} 8. dxc5 {[%emt 0:00:39]} d4 {[%emt 0:00:02]} 9. Bf4 {[%emt 0:00:52]} Nbc6 {[%emt 0:00:20]} 10. Bd6 {[%emt 0:00:03]} Nf5 {[%emt 0:00:02]} 11. Bxf8 {[%emt 0:00:04]} Qxf8 {[%emt 0:00:01]} 12. Nbd2 {[%emt 0:00:21]} Qxc5 {[%emt 0:00:04]} 13. Ne1 {[%emt 0:00:36]} e5 {[%emt 0:00:22]} 14. Nd3 {[%emt 0:00:05]} Qe7 {[%emt 0:00:01]} 15. c5 {[%emt 0:00:19]} a5 {[%emt 0:00:48]} 16. a3 {[%emt 0:00:36]} a4 {[%emt 0:00:06]} 17. Nb4 {[%emt 0:00:19]} Be6 {[%emt 0:03:38]} 18. Rfc1 {[%emt 0:00:07]} h5 {[%emt 0:00:23]} 19. Nxc6 {[%emt 0:00:10]} bxc6 {[%emt 0:00:01]} 20. Bxc6 {[%emt 0:00:04]} Rc8 {[%emt 0:00:01]} 21. Bg2 {[%emt 0:00:18]} h4 {[%emt 0:00:04]} 22. Qxa4 {[%emt 0:01:12]} hxg3 {[%emt 0:00:02]} 23. hxg3 {[%emt 0:00:02]} Bh6 {[%emt 0:00:02]} 24. Qc2 {[%emt 0:01:17]} Kg7 {[%emt 0:00:21]} 25. b4 {[%emt 0:00:23]} Rh8 {[%emt 0:00:13]} 26. Ne4 {[%emt 0:00:26]} Bd5 {[%emt 0:00:13]} 27. c6 {[%emt 0:00:36]} Bxe4 {[%emt 0:03:54]} 28. Qxe4 {[%emt 0:00:42]} 1-0

[Event "1st Chateau Montaiguillon Rapid 2019"]
[Site "Montagne"]
[Date "2019.09.08"]
[Round "4.5"]
[White "Guichard, Pauline"]
[Black "Sochacki, Christophe"]
[Result "0-1"]
[WhiteElo "2407"]
[BlackElo "2479"]
[Annotator "ChessBase"]
[PlyCount "102"]
[EventDate "2019.09.08"]
[EventType "swiss"]
[EventCountry "FRA"]
[SourceTitle "playchess.com"]
[Source "ChessBase"]
[SourceQuality "1"]
[TimeControl "720+3"]

1. c4 {[%emt 0:00:00]} e5 {[%emt 0:00:00]} 2. g3 {[%emt 0:00:02]} Nf6 {[%emt 0:00:01]} 3. Bg2 {[%emt 0:00:03]} c6 {[%emt 0:00:02]} 4. Nf3 {[%emt 0:00:23]} e4 {[%emt 0:00:12]} 5. Nd4 {[%emt 0:00:03]} d5 {[%emt 0:00:04]} 6. d3 {[%emt 0:00:30]} dxc4 {[%emt 0:00:33]} 7. dxc4 {[%emt 0:00:08]} Bb4+ {[%emt 0:00:18]} 8. Nc3 {[%emt 0:00:30]} O-O {[%emt 0:00:28]} 9. O-O {[%emt 0:00:05]} Re8 {[%emt 0:00:13]} 10. Bg5 {[%emt 0:00:10]} Bxc3 {[%emt 0:00:08]} 11. bxc3 {[%emt 0:00:05]} h6 {[%emt 0:00:03]} 12. Bf4 {[%emt 0:00:17]} Nbd7 {[%emt 0:00:12]} 13. Bd6 {[%emt 0:00:17]} Ne5 {[%emt 0:00:13]} 14. c5 {[%emt 0:00:08]} Nc4 {[%emt 0:00:03]} 15. Nb3 {[%emt 0:00:38]} Nd5 {[%emt 0:01:20]} 16. Qd4 {[%emt 0:00:20]} Nxd6 {[%emt 0:00:03]} 17. cxd6 {[%emt 0:00:03]} b5 {[%emt 0:01:51]} 18. a4 {[%emt 0:00:46]} Be6 {[%emt 0:02:44]} 19. axb5 {[%emt 0:00:29]} cxb5 {[%emt 0:00:03]} 20. Bxe4 {[%emt 0:00:06]} Qxd6 {[%emt 0:00:07]} 21. Rfd1 {[%emt 0:00:12]} Rad8 {[%emt 0:00:11]} 22. Nc5 {[%emt 0:01:03]} a5 {[%emt 0:00:47]} 23. Nb7 {[%emt 0:00:55]} Qc7 {[%emt 0:00:04]} 24. Nxd8 {[%emt 0:00:16]} Rxd8 {[%emt 0:00:01]} 25. Bg2 {[%emt 0:01:19]} Rd7 {[%emt 0:00:06]} 26. Rd3 {[%emt 0:00:05]} b4 {[%emt 0:00:07]} 27. Bxd5 {[%emt 0:00:49]} Rxd5 {[%emt 0:00:02]} 28. Qe4 {[%emt 0:00:08]} Rxd3 {[%emt 0:00:23]} 29. Qxd3 {[%emt 0:00:16]} b3 {[%emt 0:00:15]} 30. Qb5 {[%emt 0:00:35]} Qxc3 {[%emt 0:00:04]} 31. Qxa5 {[%emt 0:00:15]} Qc2 {[%emt 0:00:12]} 32. Qd8+ {[%emt 0:00:11]} Kh7 {[%emt 0:00:01]} 33. Qd3+ {[%emt 0:00:05]} Bf5 {[%emt 0:00:01]} 34. Qe3 {[%emt 0:02:19]} b2 {[%emt 0:00:03]} 35. Re1 {[%emt 0:00:03]} b1=Q {[%emt 0:00:07]} 36. Rxb1 {[%emt 0:00:02]} Qxb1+ {[%emt 0:00:02]} 37. Kg2 {[%emt 0:00:01]} Qe4+ {[%emt 0:00:02]} 38. Qxe4 {[%emt 0:00:03]} Bxe4+ {[%emt 0:00:01]} 39. f3 {[%emt 0:00:01]} Bc6 {[%emt 0:00:01]} 40. e4 {[%emt 0:00:04]} Kg6 {[%emt 0:00:01]} 41. Kf2 {[%emt 0:00:02]} Kf6 {[%emt 0:00:02]} 42. Ke3 {[%emt 0:00:02]} Ke6 {[%emt 0:00:01]} 43. Kd4 {[%emt 0:00:01]} f5 {[%emt 0:00:04]} 44. exf5+ {[%emt 0:00:04]} Kxf5 {[%emt 0:00:01]} 45. Ke3 {[%emt 0:00:01]} Ke5 {[%emt 0:00:03]} 46. h3 {[%emt 0:00:11]} Kf5 {[%emt 0:00:06]} 47. Kf2 {[%emt 0:00:04]} Ke5 {[%emt 0:00:04]} 48. Ke3 {[%emt 0:00:03]} Bb7 {[%emt 0:00:01]} 49. Kf2 {[%emt 0:00:04]} Kd4 {[%emt 0:00:02]} 50. g4 {[%emt 0:00:03]} g5 {[%emt 0:00:12]} 51. Kg3 {[%emt 0:00:08]} Ke5 {[%emt 0:02:48]} 0-1